| 000 | 00450nam a2200181Ia 4500 | ||
|---|---|---|---|
| 001 | 8013 | ||
| 005 | 20260306160537.0 | ||
| 008 | 260306t2009||||xx |||||||||||||| ||spa|| | ||
| 041 | _aESP | ||
| 082 |
_a370.098 _bM26 |
||
| 100 |
_aMarrou Roldán, Aurora _eAUT |
||
| 245 | 0 | _aHistoria de la educación peruana y latinoamericana | |
| 260 | _c2009 | ||
| 300 |
_a307 páginas : _c24 cm. |
||
| 650 | _aGEN | ||
| 654 | _aCED | ||
| 942 |
_cLIB _dJUS _fJUS _2ddc _n |
||
| 999 |
_c8013 _d8013 |
||